header

The poems of William Wordsworth (Record no. 93273)

MARC details
000 -LEADER
fixed length control field 01339nam a2200301 a 4500
100 1# - MAIN ENTRY--AUTHOR NAME
Personal name Wordsworth, William,
245 14 - TITLE STATEMENT
Title The poems of William Wordsworth
260 ## - PUBLICATION, DISTRIBUTION, ETC. (IMPRINT)
Place of publication Tirril [England] ;
-- Penrith, Calif. :
Name of publisher Humanities-Ebooks,
Year of publication 2011.
300 ## - PHYSICAL DESCRIPTION
Number of Pages 871 p.
490 0# - SERIES STATEMENT
Series statement The poems of William Wordsworth : collected reading texts from the Cornell Wordsworth series ;
500 ## - GENERAL NOTE
General note Includes indexes.
700 1# - ADDED ENTRY--PERSONAL NAME
Personal name Curtis, Jared.
856 40 - ELECTRONIC LOCATION AND ACCESS
Uniform Resource Identifier http://site.ebrary.com/lib/rucke/Doc?id=10567282

No items available.

© 2026 Rongo University
Contact us: librarian | system librarian | Rongo university